Quiz sur Daft Punk - Statistiques

Statistiques générales
  • Ce quiz a été pris 1 062 fois
  • Le résultat moyen est 8 sur 10
Statistiques - réponses
Question Réponse % Correct
Quelle est leur nationalité ? Francais
99%
Comment se nomme leur chanson avec Pharrell Williams ? Get Lucky
99%
Que signifie " Daft Punk" en Français Punk Idiot
88%
Quels sont leurs vrais noms? Thomas Bangalter / Guy-Manuel de Homem-Christo
88%
Dans quel film d'animation japonais la bande son n'est rien d'autres que l' album Discovery de Daft Punk Interstella 5555
81%
Lequelle de leur album est sort en mai 2013 ? Random Access Memories
80%
A combien de vue sur YouTube culmine leur tube le plus célèbre "Starboy " avec The Weekend 1.8 milliard de vue
68%
Quand leur carrière a t- elle débuté ? 1993
68%
Quel est leur premier grand succès ? Da Funk
60%
Combien valent leurs fameux casques? 65 000 $ chacun
38%
Aucun quiz correspondant
Distribution des résultats
% des personnes avec chaque résultat
Percentile par nombre de réponses
Votre historique - résultats
Vous n’avez pas pris ce quiz